| 000 | 00444nam a22001697a 4500 | ||
|---|---|---|---|
| 003 | BD-ChCU | ||
| 005 | 20260215114615.0 | ||
| 008 | 260215b bg ||||| |||| 00| 0 ben d | ||
| 040 | _cBD-ChCU | ||
| 082 | _a509 TAW | ||
| 100 |
_aTaylor, F. Sherwood. _920291 |
||
| 245 |
_aThe world of science.// _cTaylor, F. Sherwood. |
||
| 260 |
_aLondon. _bHeinmann. _c1960 |
||
| 300 | _axviii, 1064p | ||
| 650 | 0 |
_aScience. _920293 |
|
| 942 |
_2ddc _cBK _n0 |
||
| 999 |
_c111587 _d111587 |
||